000 01090nam a2200313 i 4500
001 000046670
003 DO-SdBNP
005 20250912130121.0
007 ta
008 180315s2014 dr a 000 0 spa d
020 _a9789945468298
040 _aDO-SdBNP
_bspa
_cBNPHU
_erda
082 4 _a923.77393
_bU75c, 2014
_222
100 1 _aCassá, Roberto,
_d1948-
_910888
245 1 0 _aSalomé Ureña :
_bmujer total /
_cRoberto Cassá, ilustraciones José Mercader.
250 _a4a. ed.
264 _aSanto Domingo :
_bTobogán,
_c2014.
300 _a56 páginas :
_bilustraciones ;
_c23 cm.
490 0 _aBiografías dominicanas tobogán
590 _aInventariado, 2018/BT
600 0 _a Ureña Henríquez, Salomé de,
_d1850-1897
_983378
650 4 _aPoesía dominicana
650 4 _a Personal docente
_z República Dominicana
_vBiografías
_917427
650 4 _aLiteratura dominicana
651 4 _a República Dominicana
_vBiografías
_983379
700 1 _aMercader, José,
_eilustraciones
_956560
830 0 _aBiografías dominicanas tobogán
_9769
942 _2ddc
_cLBS1
999 _c46159
_d46159